Drawing a Blank III Quiz Stats

 Plays Quiz Updated Oct 19, 2016

Score 0/60 Timer 02:00
2 Plays Today
Hint Answer % Correct
????
100%
????
97.4%
????
97%
????
96.9%
????
96.8%
????
94.2%
????
87.8%
????
87.3%
????
86.8%
????
86.2%
????
86%
????
85.8%
????
79.1%
????
77.3%
????
76.9%
????
76.7%
????
76.6%
????
72.3%
????
68.3%
????
64.4%
????
59.2%
????
59%
????
58.7%
????
58.2%
????
58%
????
57.4%
????
56.6%
????
55.2%
????
54.8%
????
54.5%
Hint Answer % Correct
????
51.7%
????
51.3%
????
46.9%
????
46.3%
????
44.8%
????
43.8%
????
42.6%
????
41.9%
????
41.6%
????
35.2%
????
33.4%
????
30.2%
????
30%
????
28.5%
????
27.7%
????
26.7%
????
25.2%
????
24.2%
????
23.4%
????
22.4%
????
18.5%
????
17.9%
????
14.7%
????
12.2%
????
11.8%
????
10.7%
????
8.9%
????
8.1%
????
7.4%
????
4.5%

You're not logged in!

Compare scores with friends on all Sporcle quizzes.
OR
Log In

Show Comments

Extras

Top Quizzes Today


Score Distribution

Your Account Isn't Verified!

In order to create a playlist on Sporcle, you need to verify the email address you used during registration. Go to your Sporcle Settings to finish the process.

Report this User

Report this user for behavior that violates our Community Guidelines.

Details: